[Event "BL2-Nord 1213"]
[Site "Germany"]
[Date "2013.02.03"]
[Round "6.6"]
[White "Lehmann, Klaus"]
[Black "Christ, Ralf"]
[Result "1/2-1/2"]
[WhiteElo "2331"]
[BlackElo "2267"]
[PlyCount "149"]
[EventDate "2012.10.14"]
[EventType "team-tourn"]
[EventRounds "9"]
[EventCountry "GER"]
[SourceTitle "CBM 154 Extra"]
[Source "ChessBase"]
[SourceDate "2013.06.25"]
[SourceVersion "2"]
[SourceVersionDate "2013.06.25"]
[SourceQuality "1"]
[WhiteTeam "Berlin Kreuzberg"]
[BlackTeam "Luebeck"]
[WhiteTeamCountry "GER"]
[BlackTeamCountry "GER"]

1. e4 c5 2. Nf3 d6 3. Bb5+ Nd7 4. d4 a6 5. Bxd7+ Bxd7 6. dxc5 dxc5 7. Ne5 Nf6 8. 0-0 e6 9. Qe2 Qc7 10. Nxd7 Nxd7 11. Nd2 Be7 12. a4 b6 13. Nc4 0-0 14. Rd1 Rfd8 15. e5 Nb8 16. Rxd8+ Qxd8 17. Bf4 Ra7 18. Rd1 Rd7 19. Rxd7 Nxd7 20. h3 Qa8 21. Nd2 Qb7 22. Qd3 b5 23. axb5 axb5 24. b3 h6 25. c4 bxc4 26. bxc4 Qc6 27. Bg3 Nb6 28. f4 Qd7 29. Qxd7 Nxd7 30. Bf2 g5 31. g3 gxf4 32. gxf4 Kg7 33. Kg2 Bd8 34. Kf3 f6 35. exf6+ Bxf6 36. Ke4 Kg6 37. Be3 Be7 38. Nf3 Bd6 39. f5+ exf5+ 40. Kd5 Bg3 41. Bxc5 Nf6+ 42. Ke6 Ne4 43. Be7 Ng5+ 44. Bxg5 hxg5 45. Nd4 f4 46. c5 Be1 47. Nf3 Ba5 48. Ke5 Bc7+ 49. Ke4 Kf6 50. Nd4 Ba5 51. c6 Bb6 52. Nf3 Bc7 53. Nd4 Bb6 54. Nb5 Ke6 55. Kf3 Bc5 56. Kg4 Be3 57. Nc3 Kd6 58. Ne4+ Kxc6 59. Nxg5 f3 60. Nxf3 Bf2 61. Ne5+ Kd5 62. Nd3 Be3 63. Kf5 Kd4 64. Nf4 Bf2 65. Nh5 Be1 66. Kg4 Ke5 67. Nf4 Kf6 68. Nd3 Bd2 69. h4 Kg6 70. h5+ Kh6 71. Ne5 Bc1 72. Nf7+ Kg7 73. Nd6 Kh6 74. Nf5+ Kh7 75. Kf3 1/2-1/2

[Event "BL2-Nord 1112"]
[Site "Germany"]
[Date "2012.01.15"]
[Round "5.7"]
[White "Christ, Ralf"]
[Black "Buchal, Stephan"]
[Result "0-1"]
[WhiteElo "2287"]
[BlackElo "2330"]
[PlyCount "78"]
[EventDate "2011.10.02"]
[EventType "team-tourn"]
[EventRounds "9"]
[EventCountry "GER"]
[SourceTitle "EXT 2015"]
[Source "ChessBase"]
[SourceDate "2014.11.20"]
[SourceVersion "1"]
[SourceVersionDate "2014.11.20"]
[SourceQuality "1"]
[WhiteTeam "Luebeck"]
[BlackTeam "Werder Bremen II"]
[WhiteTeamCountry "GER"]
[BlackTeamCountry "GER"]

1. Nf3 g6 2. e4 Bg7 3. c4 d6 4. d4 Nf6 5. Nc3 0-0 6. Be2 e5 7. 0-0 Na6 8. Be3 Ng4 9. Bg5 Qe8 10. h3 h6 11. Bc1 exd4 12. Nxd4 Nf6 13. Bf3 Nh7 14. h4 Qe7 15. g3 Nc5 16. Re1 c6 17. Be3 Nf6 18. Bf4 Nfd7 19. Bg2 Ne5 20. Bf1 Bg4 21. f3 Bd7 22. Rc1 Rad8 23. Be2 Rfe8 24. Qd2 Kh7 25. Rcd1 Bc8 26. Kf2 Qf6 27. Kg2 Ne6 28. Be3 Nxd4 29. Bxd4 Qe6 30. Rh1 Nxc4 31. Bxc4 Qxc4 32. Bxa7 d5 33. exd5 Rxd5 34. Qc1 Bxc3 35. Qxc3 Qe2+ 36. Bf2 Rxd1 37. Rxd1 Qxd1 38. Qf6 Qd7 39. Bd4 Qh3+ 0-1

[Event "BL2-Nord 1112"]
[Site "Germany"]
[Date "2011.10.23"]
[Round "2.7"]
[White "Puls, Thomas"]
[Black "Christ, Ralf"]
[Result "1/2-1/2"]
[WhiteElo "2191"]
[BlackElo "2287"]
[PlyCount "40"]
[EventDate "2011.10.02"]
[EventType "team-tourn"]
[EventRounds "9"]
[EventCountry "GER"]
[SourceTitle "EXT 2015"]
[Source "ChessBase"]
[SourceDate "2014.11.20"]
[SourceVersion "1"]
[SourceVersionDate "2014.11.20"]
[SourceQuality "1"]
[WhiteTeam "Halle Volksbank"]
[BlackTeam "Luebeck"]
[WhiteTeamCountry "GER"]
[BlackTeamCountry "GER"]

1. f4 c5 2. e4 Nc6 3. Nf3 g6 4. Be2 Bg7 5. c3 d6 6. 0-0 e6 7. Kh1 Nge7 8. d4 cxd4 9. cxd4 Qb6 10. Nc3 0-0 11. Na4 Qa5 12. Bd2 Qd8 13. Be3 Bd7 14. a3 Na5 15. b4 Bxa4 16. Qxa4 Nac6 17. Rac1 d5 18. e5 a6 19. Rc3 Qd7 20. Qc2 Rfc8 1/2-1/2

[Event "BL2-Nord 0910"]
[Site "Germany"]
[Date "2010.02.07"]
[Round "6.5"]
[White "Bromann, Thorbjorn"]
[Black "Christ, Ralf"]
[Result "1/2-1/2"]
[WhiteElo "2210"]
[BlackElo "2271"]
[PlyCount "81"]
[EventDate "2009.10.18"]
[EventType "team-tourn"]
[EventRounds "9"]
[EventCountry "GER"]
[SourceTitle "EXT 2011"]
[Source "ChessBase"]
[SourceDate "2010.11.26"]
[SourceVersion "1"]
[SourceVersionDate "2010.11.26"]
[SourceQuality "1"]
[WhiteTeam "Neukloster"]
[BlackTeam "Luebeck"]
[WhiteTeamCountry "GER"]
[BlackTeamCountry "GER"]

1. d4 Nf6 2. Nc3 d5 3. Bg5 c6 4. Qd2 Nbd7 5. f3 b5 6. a3 h6 7. Bh4 e6 8. e3 a5 9. Bd3 Nb6 10. Nge2 b4 11. Nd1 c5 12. dxc5 Bxc5 13. axb4 axb4 14. Rxa8 Nxa8 15. Bb5+ Bd7 16. Bxd7+ Qxd7 17. Nf2 Qa7 18. Nd3 Bxe3 19. Qxb4 Bb6 20. c3 Nc7 21. Bf2 Bxf2+ 22. Nxf2 Kd7 23. Nd3 Rb8 24. Qf4 Ke7 25. Kd2 Ra8 26. Qb4+ Ke8 27. Nd4 Qb8 28. Qc5 Nd7 29. Qd6 Nb5 30. Qxb8+ Rxb8 31. Nxb5 Rxb5 32. Kc2 Ra5 33. b4 Ra2+ 34. Nb2 Nb6 35. Kb3 Ra8 36. Rd1 Ke7 37. g3 f6 38. f4 g5 39. Rf1 e5 40. fxe5 fxe5 41. b5 1/2-1/2

[Event "BL2-Nord 0809"]
[Site "Germany"]
[Date "2009.03.29"]
[Round "9.6"]
[White "Christ, Ralf"]
[Black "Holloway, Timo"]
[Result "1/2-1/2"]
[WhiteElo "2240"]
[BlackElo "2160"]
[PlyCount "45"]
[EventDate "2008.10.05"]
[EventType "team-tourn"]
[EventRounds "9"]
[EventCountry "GER"]
[SourceTitle "CBM 129 Extra"]
[Source "ChessBase"]
[SourceDate "2009.05.05"]
[SourceVersion "2"]
[SourceVersionDate "2009.05.20"]
[SourceQuality "1"]
[WhiteTeam "Luebeck II"]
[BlackTeam "Goettingen Tempo"]
[WhiteTeamCountry "GER"]
[BlackTeamCountry "GER"]

1. Nf3 c5 2. c4 g6 3. e4 Bg7 4. d4 cxd4 5. Nxd4 Nc6 6. Be3 Nf6 7. Nc3 0-0 8. Be2 Nxd4 9. Bxd4 d6 10. 0-0 Bd7 11. Qd2 Bc6 12. f3 a5 13. b3 Nd7 14. Be3 Nc5 15. Rab1 e6 16. Rfd1 Be5 17. Bf1 f5 18. exf5 gxf5 19. a3 Qh4 20. f4 Bxc3 21. Qxc3 Rf6 22. Bxc5 dxc5 23. Qg3+ 1/2-1/2